[Event "Bundesliga 2122"]
[Site "Germany"]
[Date "2022.07.09"]
[Round "14.1"]
[White "Coenen, Norbert"]
[Black "Druska, Juraj"]
[Result "0-1"]
[WhiteElo "2270"]
[BlackElo "2503"]
[PlyCount "88"]
[EventDate "2022.03.05"]
[EventType "team-tourn"]
[EventRounds "15"]
[EventCountry "GER"]
[SourceTitle "CBM 209 Extra"]
[Source "ChessBase"]
[SourceDate "2022.09.30"]
[SourceVersion "1"]
[SourceVersionDate "2022.09.30"]
[SourceQuality "1"]
[WhiteTeam "Aachen"]
[BlackTeam "Dresden TU"]
[WhiteTeamCountry "GER"]
[BlackTeamCountry "GER"]

1. e4 c6 2. d4 d5 3. Nc3 dxe4 4. Nxe4 Bf5 5. Ng3 Bg6 6. h4 h6 7. Nf3 Nd7 8. h5 Bh7 9. Bd3 Bxd3 10. Qxd3 e6 11. Bf4 Qa5+ 12. Bd2 Bb4 13. c3 Be7 14. c4 Qc7 15. 0-0-0 Ngf6 16. Ne4 0-0 17. Kb1 Rad8 18. Bc3 Nxe4 19. Qxe4 Nf6 20. Qe2 c5 21. Ne5 cxd4 22. Bxd4 Bc5 23. Bc3 Rxd1+ 24. Rxd1 Rd8 25. f4 Ne4 26. Be1 f5 27. Kc2 Bd4 28. Nf3 Bf6 29. Rxd8+ Qxd8 30. b4 Qe8 31. Qd3 Qxh5 32. Qd7 Qf7 33. Qc8+ Kh7 34. Nd2 Bc3 35. Nxe4 Bxe1 36. Nc5 Qg6 37. Qxb7 Qf6 38. Na4 Qd4 39. Qc6 Qd2+ 40. Kb1 Qd1+ 41. Kb2 Qd2+ 42. Kb1 Qd3+ 43. Kb2 Bxb4 44. Qxe6 Ba3+ 0-1

[Event "BEL-chT 2122"]
[Site "Belgium"]
[Date "2022.05.01"]
[Round "5.8"]
[White "Leyssens, Bas"]
[Black "Coenen, Norbert"]
[Result "0-1"]
[WhiteElo "1675"]
[BlackElo "2269"]
[PlyCount "82"]
[EventDate "2021.10.24"]
[EventType "team-tourn"]
[EventRounds "11"]
[EventCountry "BEL"]
[SourceTitle "EXT 2023"]
[Source "ChessBase"]
[SourceDate "2022.10.05"]
[SourceVersion "1"]
[SourceVersionDate "2022.10.05"]
[SourceQuality "1"]
[WhiteTeam "Brasschaat"]
[BlackTeam "KSK Rochade"]
[WhiteTeamCountry "BEL"]
[BlackTeamCountry "BEL"]

1. e4 c5 2. Nf3 e6 3. d4 cxd4 4. Nxd4 Nf6 5. Nc3 d6 6. Be3 a6 7. f3 b5 8. Qd2 Nbd7 9. g4 Nb6 10. h4 Bb7 11. 0-0-0 Nfd7 12. g5 Rc8 13. h5 b4 14. Nb1 d5 15. Qg2 Qc7 16. Nb3 dxe4 17. fxe4 Nc4 18. Bxc4 Qxc4 19. Rd4 Qc7 20. Rhd1 Ne5 21. Bf4 Nd3+ 22. R4xd3 Qxf4+ 23. N1d2 Be7 24. Rg3 Qc7 25. Nf1 Qe5 26. Nfd2 0-0 27. Kb1 f5 28. Re1 a5 29. Nf3 Qc7 30. e5 Be4 31. Nbd4 Qc4 32. Qe2 Rfd8 33. Qxc4 Rxc4 34. Nb3 Bxc2+ 35. Ka1 a4 36. Nbd2 Rg4 37. Reg1 Rxg3 38. Rxg3 b3 39. a3 Bc5 40. Rh3 Be3 41. Rh2 Be4 0-1

[Event "Bundesliga 2122"]
[Site "Germany"]
[Date "2022.03.06"]
[Round "2.6"]
[White "Coenen, Norbert"]
[Black "Svane, Frederik"]
[Result "0-1"]
[WhiteElo "2270"]
[BlackElo "2496"]
[PlyCount "80"]
[EventDate "2022.03.05"]
[EventType "team-tourn"]
[EventRounds "15"]
[EventCountry "GER"]
[SourceTitle "EXT 2023"]
[Source "ChessBase"]
[SourceDate "2022.10.05"]
[SourceVersion "1"]
[SourceVersionDate "2022.10.05"]
[SourceQuality "1"]
[WhiteTeam "Aachen"]
[BlackTeam "Hamburger SK"]
[WhiteTeamCountry "GER"]
[BlackTeamCountry "GER"]

1. e4 c5 2. Nf3 d6 3. Bb5+ Nd7 4. 0-0 a6 5. Bd3 Ngf6 6. c3 e5 7. Re1 Be7 8. a4 0-0 9. Na3 Re8 10. Bc4 h6 11. d4 Qc7 12. dxe5 dxe5 13. Qb3 Rf8 14. a5 Bd6 15. Nh4 b5 16. axb6 Nxb6 17. Qd1 Kh7 18. Qf3 Bg4 19. Qg3 Rfd8 20. h3 Bc8 21. Qf3 Nxc4 22. Nxc4 Be6 23. Ne3 c4 24. Nef5 Ng8 25. Nxd6 Rxd6 26. Qg3 Rd3 27. Nf3 f6 28. Qh4 Qf7 29. Re3 Rd1+ 30. Re1 Rd3 31. Re3 Rd6 32. Re1 Ne7 33. Be3 Rd3 34. Red1 Ng6 35. Qh5 Qb7 36. Nh4 Qxe4 37. Qxg6+ Qxg6 38. Nxg6 Kxg6 39. Kf1 Rb8 40. b4 cxb3 0-1

[Event "Bundesliga 1920 final"]
[Site "Karlsruhe"]
[Date "2020.09.17"]
[Round "3.7"]
[White "Coenen, Norbert"]
[Black "Wachinger, Nikolas"]
[Result "0-1"]
[WhiteElo "2289"]
[BlackElo "2304"]
[PlyCount "76"]
[EventDate "2020.09.16"]
[EventType "team-tourn"]
[EventRounds "7"]
[EventCountry "GER"]
[SourceTitle "CBM 198 Extra"]
[Source "ChessBase"]
[SourceDate "2020.11.30"]
[SourceVersion "1"]
[SourceVersionDate "2020.11.30"]
[SourceQuality "1"]
[WhiteTeam "Aachen"]
[BlackTeam "Werder Bremen"]
[WhiteTeamCountry "GER"]
[BlackTeamCountry "GER"]

1. e4 c5 2. Nf3 d6 3. d4 cxd4 4. Nxd4 Nf6 5. Nc3 a6 6. Be2 e5 7. Nb3 Be7 8. 0-0 0-0 9. Be3 Be6 10. Qd2 Nbd7 11. a4 Nb6 12. Rfd1 Rc8 13. a5 Nc4 14. Bxc4 Rxc4 15. f3 Qc8 16. Rac1 Rd8 17. Nd5 Nxd5 18. exd5 Bf5 19. c3 Qd7 20. Qe2 Rdc8 21. Nd2 Ra4 22. b4 Ra2 23. Qf1 Bc2 24. Ra1 Rxa1 25. Rxa1 Rxc3 26. Qc1 Qc8 27. Ra3 Bb3 28. Qb2 Rxe3 29. Rxb3 Re1+ 30. Kf2 Rc1 31. Rd3 Rc2 32. Qb3 Bg5 33. Ke2 e4 34. fxe4 Qg4+ 35. Ke1 Rc1+ 36. Kf2 Bxd2 37. Rxd2 Qf4+ 38. Ke2 Qxe4+ 0-1

[Event "BEL-chT 1920"]
[Site "Belgium"]
[Date "2020.03.08"]
[Round "9.7"]
[White "Coenen, Norbert"]
[Black "Stynen, Koen"]
[Result "1/2-1/2"]
[WhiteElo "2294"]
[BlackElo "2040"]
[PlyCount "82"]
[EventDate "2019.09.29"]
[EventType "team-tourn"]
[EventRounds "11"]
[EventCountry "BEL"]
[SourceTitle "CBM 195 Extra"]
[Source "ChessBase"]
[SourceDate "2020.05.31"]
[SourceVersion "1"]
[SourceVersionDate "2020.05.31"]
[SourceQuality "1"]
[WhiteTeam "Eupen Rochade"]
[BlackTeam "Borgerhout"]
[WhiteTeamCountry "BEL"]
[BlackTeamCountry "BEL"]

1. e4 c5 2. b3 Nc6 3. Bb2 d6 4. Nc3 Nf6 5. f4 e6 6. Nf3 a6 7. Bd3 Qc7 8. 0-0 Be7 9. a3 b5 10. e5 dxe5 11. fxe5 Ng4 12. Qe2 Bb7 13. Rae1 h5 14. h3 Nh6 15. a4 b4 16. Nd1 g6 17. Ne3 Nf5 18. Qf2 0-0-0 19. Be4 h4 20. Nxf5 gxf5 21. Bd3 Kb8 22. Kh1 Rdg8 23. Rg1 Rg3 24. Be2 Rhg8 25. Bd1 Qd7 26. Kh2 Ka8 27. Qf1 Qd5 28. Qc4 Qd7 29. Qe2 Qd5 30. d3 Ka7 31. Qf2 Ka8 32. Bc1 Nd4 33. Bf4 Qd8 34. Re3 R3g6 35. Ree1 Kb8 36. Be3 Qd5 37. Bxd4 cxd4 38. Re2 Rg3 39. Qe1 a5 40. Rf2 R8g7 41. Qe2 Rg8 1/2-1/2

[Event "BEL-chT 1819"]
[Site "Belgium"]
[Date "2019.02.24"]
[Round "8.7"]
[White "Grochal, Joey"]
[Black "Coenen, Norbert"]
[Result "1/2-1/2"]
[WhiteElo "2309"]
[BlackElo "2295"]
[PlyCount "72"]
[EventDate "2018.09.30"]
[EventType "team-tourn"]
[EventRounds "11"]
[EventCountry "BEL"]
[SourceTitle "CBM 189 Extra"]
[Source "ChessBase"]
[SourceDate "2019.06.03"]
[SourceVersion "1"]
[SourceVersionDate "2019.06.03"]
[SourceQuality "1"]
[WhiteTeam "Wachtebeke"]
[BlackTeam "KSK Rochade"]
[WhiteTeamCountry "BEL"]
[BlackTeamCountry "BEL"]

1. d4 Nf6 2. c4 g6 3. Nc3 d5 4. cxd5 Nxd5 5. e4 Nxc3 6. bxc3 Bg7 7. Be3 c5 8. Qd2 Qa5 9. Nf3 0-0 10. Rc1 cxd4 11. cxd4 Qxd2+ 12. Kxd2 Rd8 13. Bb5 Nc6 14. Bxc6 bxc6 15. Rc5 f5 16. e5 Bd7 17. Rb1 Rab8 18. Rxb8 Rxb8 19. Ra5 Rb7 20. Ne1 Be6 21. Nd3 Bd5 22. g3 e6 23. Kc3 Bf8 24. Bc1 Be7 25. Ba3 Bd8 26. Ra6 Bxa2 27. Nc5 Rb5 28. Bb4 Bd5 29. Rxa7 Bb6 30. Rb7 Bxc5 31. Rxb5 Bxd4+ 32. Kxd4 cxb5 33. Bd2 Kg7 34. h4 Bf3 35. Kc5 Be2 36. Bc1 Bd3 1/2-1/2

[Event "BEL-chT 1819"]
[Site "Belgium"]
[Date "2018.10.07"]
[Round "2.7"]
[White "Boidman, Yuri"]
[Black "Coenen, Norbert"]
[Result "1/2-1/2"]
[WhiteElo "2358"]
[BlackElo "2295"]
[PlyCount "79"]
[EventDate "2018.09.30"]
[EventType "team-tourn"]
[EventRounds "11"]
[EventCountry "BEL"]
[SourceTitle "CBM 186 Extra"]
[Source "ChessBase"]
[SourceDate "2018.08.24"]
[SourceVersion "1"]
[SourceVersionDate "2018.08.24"]
[SourceQuality "1"]
[WhiteTeam "Wirtzfeld"]
[BlackTeam "KSK Rochade"]
[WhiteTeamCountry "BEL"]
[BlackTeamCountry "BEL"]

1. e4 c5 2. Nf3 e6 3. Nc3 d6 4. d4 cxd4 5. Qxd4 Nc6 6. Bb5 a6 7. Bxc6+ bxc6 8. 0-0 e5 9. Qc4 Qc7 10. Ng5 Be6 11. Nxe6 fxe6 12. Qxe6+ Be7 13. Bg5 Qd7 14. Qxd7+ Kxd7 15. Bxe7 Nxe7 16. Rad1 Rhf8 17. Na4 Ke6 18. c4 Rf4 19. f3 g5 20. Rd3 g4 21. fxg4 Rxe4 22. Rfd1 Nc8 23. b3 Rxg4 24. Rh3 Ra7 25. Rf1 Rag7 26. Rh6+ R7g6 27. Rxg6+ hxg6 28. Rf8 Ne7 29. Ra8 Rd4 30. Rxa6 Rd2 31. Nc3 Rd3 32. Ne4 Rd4 33. Ng5+ Kf5 34. Nf3 Rd1+ 35. Kf2 e4 36. Nh4+ Ke5 37. Ra7 Kf6 38. g3 d5 39. cxd5 cxd5 40. Ke2 1/2-1/2

[Event "Mittelrhein Regionalliga 1718"]
[Site "Nordrheinwestfalen"]
[Date "2017.12.03"]
[Round "4.1"]
[White "Baer, Marco"]
[Black "Coenen, Norbert"]
[Result "1/2-1/2"]
[WhiteElo "2067"]
[BlackElo "2232"]
[PlyCount "132"]
[EventDate "2017.09.10"]
[EventType "team-tourn"]
[EventRounds "9"]
[EventCountry "GER"]
[SourceTitle "EXT 2022"]
[Source "ChessBase"]
[SourceDate "2021.10.06"]
[SourceVersion "1"]
[SourceVersionDate "2021.10.06"]
[SourceQuality "1"]
[WhiteTeam "Leverkusen SC Bayer"]
[BlackTeam "Aachen SV II"]
[WhiteTeamCountry "GER"]
[BlackTeamCountry "GER"]

1. e4 c5 2. Nc3 e6 3. g3 d5 4. exd5 exd5 5. Bg2 Nf6 6. Nge2 d4 7. Ne4 Nxe4 8. Bxe4 Nd7 9. d3 Nf6 10. Bg2 Bd6 11. 0-0 0-0 12. Bf4 Bg4 13. Bxd6 Qxd6 14. h3 Bd7 15. Nf4 Rae8 16. Bxb7 Rb8 17. Bg2 Rxb2 18. a4 a5 19. Qd2 Rb4 20. c3 dxc3 21. Qxc3 Bxa4 22. Ra3 Qd4 23. Qxd4 cxd4 24. Rfa1 Bb5 25. Rxa5 g5 26. Nd5 Nxd5 27. Bxd5 Bxd3 28. R1a4 Rfb8 29. Ra8 Rb1+ 30. Kh2 Rxa8 31. Bxa8 Rf1 32. Rxd4 Rxf2+ 33. Kg1 Ra2 34. Bd5 Ra3 35. Kf2 Kg7 36. Rb4 Ra5 37. Bb3 Bg6 38. Bc4 Rf5+ 39. Kg2 Rf6 40. Be2 Rc6 41. Rb2 Rc3 42. Kf2 Bf5 43. Bf1 Be6 44. Rb4 h6 45. Rd4 Rc2+ 46. Kg1 h5 47. Ra4 Rd2 48. Rb4 Kf6 49. Ra4 Rb2 50. Rd4 Ke5 51. Ra4 Rd2 52. Rb4 Bd5 53. h4 f6 54. Ra4 Kf5 55. Bh3+ Ke5 56. Bf1 Rc2 57. hxg5 fxg5 58. Ra5 Kd4 59. Ra4+ Ke5 60. Ra5 Rd2 61. Ra4 Kf5 62. Bh3+ g4 63. Bf1 Kg5 64. Ra5 Kf6 65. Ra6+ Kf5 66. Ra5 Kf6 1/2-1/2

[Event "EU-Cup 32nd"]
[Site "Novi Sad"]
[Date "2016.11.07"]
[Round "2.6"]
[White "Coenen, Norbert"]
[Black "Vozinaki, Anthi Maria"]
[Result "1-0"]
[WhiteElo "2304"]
[BlackElo "1870"]
[PlyCount "83"]
[EventDate "2016.11.06"]
[EventType "team-swiss"]
[EventRounds "7"]
[EventCountry "SRB"]
[SourceTitle "CBM 176"]
[Source "ChessBase"]
[SourceDate "2017.01.17"]
[SourceVersion "1"]
[SourceVersionDate "2017.01.17"]
[SourceQuality "1"]
[WhiteTeam "Eupen Rochade"]
[BlackTeam "Chania Chess Academy"]
[WhiteTeamCountry "BEL"]
[BlackTeamCountry "GRE"]

1. e4 c5 2. Nf3 e6 3. b3 b6 4. c4 Bb7 5. Nc3 Nc6 6. Bb2 Nge7 7. d4 cxd4 8. Nxd4 Nxd4 9. Qxd4 Nc6 10. Qd2 d6 11. Rd1 Nb4 12. a3 Na6 13. b4 Nc7 14. Qe3 Be7 15. e5 d5 16. cxd5 exd5 17. Be2 Qd7 18. 0-0 0-0 19. Rd2 Qe6 20. Bf3 h6 21. Bd1 Qg6 22. Ne2 Ne6 23. Bc2 Qg4 24. h3 Qh4 25. Nd4 Nxd4 26. Rxd4 Qh5 27. f4 a5 28. f5 axb4 29. axb4 Qg5 30. Qf2 Ba6 31. Rg4 Qxg4 32. hxg4 Bxf1 33. Qxf1 Bxb4 34. f6 Bc5+ 35. Kh1 d4 36. fxg7 Rfe8 37. Qf5 Kxg7 38. Qf6+ Kf8 39. Bb3 Ra7 40. e6 Bd6 41. e7+ Kg8 42. Qxf7+ 1-0

[Event "Mittelrhein Verbandsliga-W 15/16"]
[Site "Nordrheinwestfalen"]
[Date "2016.03.13"]
[Round "9.2"]
[White "Coenen, Norbert"]
[Black "Kinderreich, Toni"]
[Result "1-0"]
[WhiteElo "2243"]
[BlackElo "2056"]
[PlyCount "95"]
[EventDate "2015.09.06"]
[EventType "team-tourn"]
[EventRounds "11"]
[EventCountry "GER"]
[SourceTitle "EXT 2022"]
[Source "ChessBase"]
[SourceDate "2021.10.06"]
[SourceVersion "1"]
[SourceVersionDate "2021.10.06"]
[SourceQuality "1"]
[WhiteTeam "Aachen SV II"]
[BlackTeam "Wuerselen II"]
[WhiteTeamCountry "GER"]
[BlackTeamCountry "GER"]

1. e4 d5 2. exd5 Qxd5 3. Nc3 Qd8 4. d4 g6 5. Be3 Bg7 6. Nf3 Nf6 7. Qd2 c6 8. Bc4 Nd5 9. Bh6 0-0 10. Bxg7 Kxg7 11. 0-0 e6 12. Ne4 Nd7 13. Rfe1 N7f6 14. Ne5 h6 15. Bb3 Nxe4 16. Rxe4 Qg5 17. f4 Qd8 18. Qf2 Ne7 19. c3 b6 20. Rd1 Bb7 21. Re2 Qc7 22. Bc2 Rad8 23. Red2 Ba6 24. Ba4 Rd6 25. Ng4 h5 26. Ne5 Nf5 27. Bc2 f6 28. Nf3 Ne7 29. Qg3 Kf7 30. Bb3 Nf5 31. Qf2 c5 32. dxc5 bxc5 33. Rxd6 Nxd6 34. Bc2 Bb7 35. Nh4 f5 36. Qg3 Rg8 37. Qd3 Ke7 38. Nf3 c4 39. Qe2 Bxf3 40. Qxf3 Qb6+ 41. Qf2 Qxf2+ 42. Kxf2 Rb8 43. Rb1 a6 44. Ke3 Rb5 45. b4 e5 46. Rd1 Ke6 47. Ba4 Rd5 48. Bd7+ 1-0

[Event "BL2-West 1516"]
[Site "Germany"]
[Date "2016.02.21"]
[Round "7.8"]
[White "Coenen, Norbert"]
[Black "Schoebel, Wolfgang"]
[Result "1-0"]
[WhiteElo "2307"]
[BlackElo "2181"]
[PlyCount "63"]
[EventDate "2015.09.20"]
[EventType "team-tourn"]
[EventRounds "9"]
[EventCountry "GER"]
[SourceTitle "EXT 2017"]
[Source "ChessBase"]
[SourceDate "2016.10.25"]
[SourceVersion "1"]
[SourceVersionDate "2016.10.25"]
[SourceQuality "1"]
[WhiteTeam "Aachen SV"]
[BlackTeam "Schoeneck"]
[WhiteTeamCountry "GER"]
[BlackTeamCountry "GER"]

1. e4 e6 2. d4 d5 3. Nd2 dxe4 4. Nxe4 Nd7 5. Bd3 Ngf6 6. c3 c5 7. Nf3 cxd4 8. Nxd4 Nxe4 9. Bxe4 Nc5 10. Bc2 Be7 11. 0-0 0-0 12. Re1 Qd6 13. Qf3 Bf6 14. Be3 Qd5 15. Qxd5 exd5 16. Nb5 Ne6 17. Rad1 a6 18. Nd6 d4 19. cxd4 Rd8 20. Nc4 b5 21. Na5 Bd7 22. Be4 Rac8 23. Nb7 Rf8 24. b3 Ng5 25. Bd3 Bc6 26. Nc5 a5 27. Bf5 Rcd8 28. h4 Ne6 29. Bxe6 fxe6 30. Nxe6 Kf7 31. Nxf8 Kxf8 32. Bg5 1-0